00251nam a22000857a 4500008004100000082001900041245004700060260005000107300000800157230703b xxu||||| |||| 00| 0 eng d a342bCKRC 2002 aThe Constitutional Review Process in Kenya bConstitution of Kenya Review Commissionc2002 a22p